000 00273nam a22001217a 4500
020 _a9221014576
082 _a331.87ILO
245 _aFREEDOM OF ASSOCIATION
260 _aGENEVA
_bILO
_c1976
300 _a-XII,-180-P
_b25CM
650 _aFREEDOM OF ASSOCIATION
942 _cBK
999 _c14884
_d14884